[Event "Gibtelecom Masters"]
[Site "Gibraltar"]
[Date "2009.01.28"]
[Round "2.5"]
[White "Sokolov, Ivan"]
[Black "Trent, Lawrence"]
[Result "1/2-1/2"]
[WhiteElo "2657"]
[BlackElo "2487"]
[PlyCount "220"]
[EventDate "2009.01.27"]

1. d4 Nf6 2. c4 g6 3. Nc3 Bg7 4. e4 d6 5. Nf3 O-O 6. Be2 e5 7. O-O Nbd7 8. Qc2
Nh5 9. Rd1 Nf4 10. Bf1 c5 11. Bxf4 exf4 12. Nb5 cxd4 13. Nfxd4 Ne5 14. Qd2 a6
15. Nc3 Qh4 16. Nd5 f3 17. g3 Qxe4 18. h3 Bxh3 19. Ne7+ Kh8 20. Bxh3 Nxc4 21.
Qc3 d5 22. b3 Nd6 23. Qe3 Rae8 24. Qxe4 Nxe4 25. Nxd5 Rd8 26. Nc2 Bxa1 27. Nxa1
Nf6 28. Ne3 Rxd1+ 29. Nxd1 Rd8 30. Ne3 Rd2 31. Nac2 Ne4 32. Bc8 Nxf2 33. Bxb7
Nh3+ 34. Kh1 Nf2+ 35. Kg1 Nh3+ 36. Kh1 Ng5 37. b4 f5 38. a4 Rd6 39. a5 Ne4 40.
b5 Nc5 41. bxa6 Nxa6 42. Bxf3 Nc5 {(=)} 43. Bd5 g5 44. Nb4 f4 45. gxf4 gxf4 46.
Nc4 Rd8 47. Ne5 Kg7 48. Nec6 Re8 49. a6 Nxa6 50. Nxa6 Re1+ 51. Kg2 Rd1 52. Be4
Re1 53. Bf5 Rc1 54. Nab4 Rc5 55. Bd7 Kf6 56. Kf3 Kg5 57. Nd4 Rc3+ 58. Kf2 Rc4
59. Nf3+ Kh6 60. Nd5 Rc2+ 61. Ke1 Ra2 62. Kf1 Ra5 63. Nxf4 Ra7 64. Bc6 Ra6 65.
Bd5 Ra5 66. Kf2 Rxd5 67. Nxd5 Kg6 68. Nh4+ Kg5 69. Kg3 h5 70. Kh3 Kh6 71. Kg2
Kg7 72. Kf3 Kf7 73. Ke4 Ke6 74. Kd4 Kd6 75. Nb4 Ke6 76. Nd3 Kd6 77. Ne5 Ke6 78.
Nc4 Kf6 79. Nd2 Ke6 80. Ne4 Kd7 81. Kd5 Kc7 82. Kc5 Kd7 83. Ng5 Ke7 84. Kd5 Kf6
85. Ngf3 Ke7 86. Ne5 Kf6 87. Neg6 Kg5 88. Ke5 Kg4 89. Kf6 Kg3 90. Kf5 Kf2 91.
Ke4 Kg3 92. Kf5 Kf2 93. Nf4 Kg3 94. Nfg2 Kf2 95. Kf4 Ke2 96. Ke4 Kd2 97. Kd4
Kc2 98. Ne3+ Kd2 99. Nf1+ Ke1 100. Ng3 Kd2 101. Ne4+ Ke2 102. Nd6 Kd2 103. Nc4+
Kc2 104. Na5 Kd2 105. Nb3+ Ke2 106. Nc5 Kf2 107. Ne4+ Ke2 108. Ng3+ Kd2 109.
Nf1+ Ke1 110. Ng3 Kd2 1/2-1/2

[Event "Gibtelecom Masters"]
[Site "Gibraltar"]
[Date "2009.01.28"]
[Round "2.7"]
[White "Nemeth, Miklos"]
[Black "Beliavsky, Alexander G"]
[Result "1/2-1/2"]
[WhiteElo "2472"]
[BlackElo "2646"]
[PlyCount "61"]
[EventDate "2009.01.27"]

1. e4 e6 2. d4 d5 3. Nd2 c5 4. exd5 Qxd5 5. Ngf3 cxd4 6. Bc4 Qd8 7. Nb3 Nc6 8.
O-O a6 9. Nbxd4 Nxd4 10. Nxd4 Qc7 11. Qe2 Nf6 12. Nf5 Bd7 13. Bg5 Qa5 14. Bd3
O-O-O 15. Bd2 Qc7 16. Ne3 Bc5 17. b4 Bxe3 18. fxe3 Bb5 19. Be1 Qd7 20. Bxb5
Qxb5 21. c4 Qd7 22. Bh4 Qd2 23. Qf3 Rd3 24. Rfe1 Rhd8 25. b5 a5 26. b6 R8d7 27.
Bxf6 gxf6 28. Qg3 Qb2 29. Rab1 Qe5 30. Qf3 f5 31. h3 1/2-1/2

[Event "Gibtelecom Masters"]
[Site "Gibraltar"]
[Date "2009.01.28"]
[Round "2.8"]
[White "Avrukh, Boris"]
[Black "Kiik, Kalle"]
[Result "1-0"]
[WhiteElo "2645"]
[BlackElo "2466"]
[PlyCount "61"]
[EventDate "2009.01.27"]

1. d4 d5 2. c4 e6 3. Nf3 c5 4. cxd5 exd5 5. g3 Nc6 6. Bg2 c4 7. O-O Bb4 8. b3
cxb3 9. Qxb3 Nge7 10. Ne5 Qb6 11. Nd3 Bd6 12. Qxb6 axb6 13. Nc3 Nxd4 14. Bf4
Bc5 15. Nxc5 bxc5 16. Bd6 Ra5 17. Rab1 Ndf5 18. Bc7 Ra3 19. Nxd5 Rxa2 20. Nf4
O-O 21. e3 g5 22. Nh5 f6 23. Rfc1 Kf7 24. Rxc5 Kg6 25. g4 Nh4 26. Be4+ Kh6 27.
Bd6 Rf7 28. Nxf6 Neg6 29. Ng8+ Kg7 30. Rxc8 Raxf2 31. Bc5 1-0

[Event "Gibtelecom Masters"]
[Site "Gibraltar"]
[Date "2009.01.28"]
[Round "2.10"]
[White "Gurevich, Mikhail"]
[Black "Bruno, Fabio"]
[Result "1-0"]
[WhiteElo "2624"]
[BlackElo "2460"]
[PlyCount "67"]
[EventDate "2009.01.27"]

1. d4 d5 2. c4 c6 3. Nf3 Nf6 4. Qc2 e6 5. Bg5 dxc4 6. Qxc4 b5 7. Qc2 Bb7 8. e3
Nbd7 9. Bd3 a6 10. a4 Rc8 11. O-O h6 12. Bxf6 Qxf6 13. Nc3 Bb4 14. Be4 bxa4 15.
Nxa4 O-O 16. Rfd1 Rfd8 17. h3 a5 18. Ne5 Nxe5 19. dxe5 Qxe5 20. Nb6 Rxd1+ 21.
Rxd1 Re8 22. Bh7+ Kh8 23. Rd7 Ba6 24. Rxf7 Bd6 25. g3 Qb5 26. Qg6 Be5 27. Nd7
Bxb2 28. h4 Rd8 29. Kh2 Qd5 30. Nf8 Bd3 31. e4 Qd6 32. Nxe6 Re8 33. Rxg7 Qb8
34. Qxh6 1-0

[Event "Gibtelecom Masters"]
[Site "Gibraltar"]
[Date "2009.01.28"]
[Round "2.12"]
[White "Ganguly, Surya Shekhar"]
[Black "Socko, Monika"]
[Result "1-0"]
[WhiteElo "2614"]
[BlackElo "2449"]
[PlyCount "77"]
[EventDate "2009.01.27"]

1. e4 e5 2. Nf3 Nf6 3. Nxe5 d6 4. Nf3 Nxe4 5. d4 d5 6. Bd3 Nc6 7. O-O Be7 8.
Nbd2 Nxd2 9. Bxd2 Bg4 10. c3 Bh5 11. Bf4 O-O 12. Re1 Bd6 13. Bxd6 Qxd6 14. Re3
Rae8 15. Qe2 Rxe3 16. Qxe3 f6 17. Bf5 Re8 18. Qd3 g6 19. Bh3 Qf4 20. Qd2 Qxd2
21. Nxd2 Re2 22. Nf1 f5 23. Rb1 Ne7 24. Ng3 Rc2 25. Nxh5 gxh5 26. g3 b6 27. Bg2
h4 28. Bf3 c5 29. dxc5 bxc5 30. Bd1 Rd2 31. Kf1 d4 32. c4 Nc6 33. Ke1 Rd3 34.
Be2 Ne5 35. Bxd3 Nxd3+ 36. Ke2 Ne5 37. b4 cxb4 38. Rxb4 h3 39. c5 1-0

[Event "Gibtelecom Masters"]
[Site "Gibraltar"]
[Date "2009.01.28"]
[Round "2.13"]
[White "Krush, Irina"]
[Black "Berg, Emanuel"]
[Result "1/2-1/2"]
[WhiteElo "2457"]
[BlackElo "2606"]
[PlyCount "120"]
[EventDate "2009.01.27"]

1. d4 e6 2. c4 Nf6 3. Nc3 Bb4 4. e3 O-O 5. Bd3 c5 6. Nge2 d5 7. cxd5 cxd4 8.
exd4 Nxd5 9. O-O Nc6 10. a3 Be7 11. Re1 Nf6 12. Bc2 b6 13. Qd3 Bb7 14. Bg5 g6
15. Rad1 Re8 16. h4 Nd5 17. Qg3 Bxg5 18. hxg5 Nce7 19. Ne4 Nf5 20. Qh3 f6 21.
Ba4 Rf8 22. gxf6 Nxf6 23. Ng5 Qd6 24. Nc3 Bd5 25. Re5 h6 26. Rxf5 gxf5 27. Qxh6
Qe7 28. Qg6+ Qg7 29. Qxg7+ Kxg7 30. Nxd5 exd5 31. Ne6+ Kg6 32. Nxf8+ Rxf8 33.
Bc2 Re8 34. Bd3 Kg5 35. f3 Nh5 36. Kf2 Nf4 37. Bf1 Rc8 38. Rd2 Ne6 39. g3 f4
40. Bh3 Rc6 41. Kg2 fxg3 42. Bxe6 Rxe6 43. Kxg3 Re3 44. Rc2 Rb3 45. Re2 Kf6 46.
Kg4 Rd3 47. f4 Rxd4 48. Rc2 Rc4 49. Rxc4 dxc4 50. Kf3 Kf5 51. Ke3 b5 52. Kd4
Kxf4 53. Kc5 Ke4 54. Kxb5 Kd3 55. Kb4 Kc2 56. Kxc4 Kxb2 57. a4 Ka3 58. Kb5 a6+
59. Ka5 Kb3 60. Kxa6 Kxa4 1/2-1/2

[Event "Gibtelecom Masters"]
[Site "Gibraltar"]
[Date "2009.01.28"]
[Round "2.16"]
[White "Hommeles, Theo"]
[Black "Sandipan, Chanda"]
[Result "0-1"]
[WhiteElo "2410"]
[BlackElo "2568"]
[PlyCount "161"]
[EventDate "2009.01.27"]

1. e4 e5 2. Nf3 Nc6 3. Bb5 a6 4. Ba4 Nf6 5. O-O Be7 6. Re1 b5 7. Bb3 d6 8. c3
O-O 9. h3 Nb8 10. d4 Nbd7 11. Nbd2 Bb7 12. Bc2 Re8 13. Nf1 Bf8 14. Ng3 g6 15.
Bg5 h6 16. Bd2 c5 17. a4 Nb6 18. Qe2 exd4 19. axb5 d5 20. bxa6 Rxa6 21. Rxa6
dxe4 22. Nxe4 Nxe4 23. Ra7 Bc6 24. cxd4 Nc8 25. Ra6 Bb7 26. Raa1 cxd4 27. Qd3
Bg7 28. b4 Ncd6 29. Ba4 Rf8 30. Bb3 Nxd2 31. Nxd2 Kh7 32. Bd1 Qb6 33. Bf3 Qxb4
34. Bxb7 Nxb7 35. Ne4 f5 36. Rab1 Qa5 37. Nd2 Nd6 38. Re7 Qc3 39. Rb3 Qxd3 40.
Rxd3 Kh8 41. Nf3 Bf6 42. Rd7 Ne4 43. Ra3 Rb8 44. Nxd4 Be5 45. Rb3 Rc8 46. Rb1
Nf6 47. Rdb7 Bxd4 48. Rb8 Rxb8 49. Rxb8+ Kg7 50. Rb7+ Kg8 51. Kf1 Ne4 52. g4
Bxf2 53. gxf5 gxf5 54. Kg2 Bc5 55. Kf3 Bd6 56. h4 Nf6 57. Rb5 f4 58. Rb6 Ne8
59. Rb7 Bc7 60. Ra7 Kf7 61. Kg4 Kg6 62. h5+ Kf6 63. Ra8 Kf7 64. Ra6 Bd6 65. Rb6
Ke6 66. Kf3 Nf6 67. Rb5 Be5 68. Rb6+ Kf5 69. Ra6 Ng4 70. Rg6 Nh2+ 71. Kf2 f3
72. Rg8 Ke4 73. Kg1 Ke3 74. Rf8 Ke2 75. Rf5 Bg3 76. Kh1 Ng4 77. Ra5 f2 78. Ra2+
Kf3 79. Ra1 Ne3 80. Rf1 Bh4 81. Ra1 0-1

[Event "Gibtelecom Masters"]
[Site "Gibraltar"]
[Date "2009.01.28"]
[Round "2.19"]
[White "Gordon, Stephen J"]
[Black "Urbina Perez, Juan Antonio"]
[Result "1-0"]
[WhiteElo "2524"]
[BlackElo "2215"]
[PlyCount "117"]
[EventDate "2009.01.27"]

1. d4 d5 2. c4 c6 3. Nf3 Nf6 4. e3 e6 5. Bd3 Nbd7 6. b3 b6 7. O-O Bb7 8. Nc3
Be7 9. Bb2 O-O 10. Qe2 Re8 11. Rfd1 Bd6 12. e4 dxe4 13. Nxe4 Nxe4 14. Qxe4 Nf6
15. Qh4 h6 16. c5 Bc7 17. Ne5 Qe7 18. Rac1 Nd7 19. Qe4 f5 20. Qe3 Bxe5 21. dxe5
Nxc5 22. Ba3 Red8 23. Bxc5 bxc5 24. Bc4 Kf7 25. Rd3 Rd4 26. Rxd4 cxd4 27. Qxd4
c5 28. Qf4 Qg5 29. Qxg5 hxg5 30. Rd1 Ke7 31. Rd6 Bd5 32. Bxd5 exd5 33. g4 f4
34. Rxd5 Rc8 35. Rd6 c4 36. bxc4 Rxc4 37. Ra6 Rc5 38. Rxa7+ Ke6 39. Rxg7 Rxe5
40. Rg6+ Kd5 41. Rf6 Re2 42. h4 gxh4 43. Rxf4 Rxa2 44. Kg2 Ra1 45. f3 Ke5 46.
Rf5+ Kd4 47. Rh5 Ke3 48. Rxh4 Kf4 49. Rh8 Ra2+ 50. Kh3 Kxf3 51. Rf8+ Ke4 52.
Kh4 Ke5 53. Kh5 Ke6 54. g5 Ke7 55. Rf4 Rh2+ 56. Kg6 Rg2 57. Kh6 Rh2+ 58. Kg7
Rg2 59. Re4+ 1-0

[Event "Gibtelecom Masters"]
[Site "Gibraltar"]
[Date "2009.01.28"]
[Round "2.20"]
[White "Csonka, Attila Istvan"]
[Black "Pavlovic, Milos"]
[Result "1/2-1/2"]
[WhiteElo "2289"]
[BlackElo "2520"]
[PlyCount "77"]
[EventDate "2009.01.27"]

1. e4 e5 2. Nf3 Nc6 3. Bb5 a6 4. Ba4 Nf6 5. d3 d6 6. O-O b5 7. Bb3 Na5 8. c3
Nxb3 9. axb3 Be7 10. Nbd2 O-O 11. Re1 Re8 12. Nf1 h6 13. d4 exd4 14. Nxd4 Bf8
15. Ng3 g6 16. Bf4 Bb7 17. Qd3 Bg7 18. Rad1 Qc8 19. h3 c5 20. Nc2 Qe6 21. Qxd6
Qxb3 22. Ne3 Re6 23. Qxc5 Rc8 24. Qa7 Bxe4 25. Ng4 Nxg4 26. hxg4 Rce8 27. Rd2
Qc4 28. Rd6 Bf5 29. Rdxe6 Rxe6 30. Rxe6 Bxe6 31. Qb8+ Kh7 32. f3 a5 33. Ne4 f5
34. Nf2 Qe2 35. Qa7 b4 36. Be3 Kg8 37. Qb8+ Kh7 38. Qa7 Kg8 39. Qb8+ 1/2-1/2

[Event "Gibtelecom Masters"]
[Site "Gibraltar"]
[Date "2009.01.28"]
[Round "2.21"]
[White "Dzagnidze, Nana"]
[Black "Tate, Alan"]
[Result "1-0"]
[WhiteElo "2518"]
[BlackElo "2170"]
[PlyCount "89"]
[EventDate "2009.01.27"]

1. d4 Nf6 2. c4 e6 3. Nc3 Bb4 4. Bg5 h6 5. Bh4 c5 6. d5 d6 7. e3 Bxc3+ 8. bxc3
Qe7 9. Bd3 e5 10. Bc2 Nbd7 11. Nf3 Nf8 12. Nd2 g5 13. Bg3 Ng6 14. O-O Bd7 15.
Bxg6 fxg6 16. f4 Nh5 17. f5 Bxf5 18. Rxf5 gxf5 19. Qxh5+ Qf7 20. Qd1 O-O-O 21.
Qa4 Kb8 22. Rb1 Qd7 23. Qa3 b6 24. Qa6 Qb7 25. Qb5 Qd7 26. a4 Qxb5 27. cxb5 Kc7
28. Nc4 Rhe8 29. Be1 h5 30. h4 g4 31. Bg3 f4 32. Be1 Rd7 33. Bd2 Rf7 34. a5
bxa5 35. Ra1 Rb8 36. Rxa5 Rf6 37. exf4 exf4 38. Rxa7+ Rb7 39. Ra5 g3 40. b6+
Kb8 41. Ra1 f3 42. gxf3 Rxf3 43. Re1 Rd7 44. Na5 Rf8 45. Bf4 1-0

[Event "Gibtelecom Masters"]
[Site "Gibraltar"]
[Date "2009.01.28"]
[Round "2.22"]
[White "Jessel, Stephen"]
[Black "Papp, Gabor"]
[Result "0-1"]
[WhiteElo "2296"]
[BlackElo "2517"]
[PlyCount "70"]
[EventDate "2009.01.27"]

1. e4 c5 2. Nf3 d6 3. d4 cxd4 4. Nxd4 Nf6 5. Nc3 a6 6. Be2 e5 7. Nb3 Be7 8. O-O
O-O 9. a4 Nc6 10. Bf3 Nb4 11. Re1 Be6 12. Nd2 Rc8 13. Nf1 Rc5 14. Ne3 Qc8 15.
Bd2 a5 16. Qe2 Rd8 17. Rad1 Nd7 18. Rc1 Nb6 19. Red1 Nc6 20. Ned5 Nxd5 21. exd5
Nd4 22. Qd3 Nxf3+ 23. gxf3 Bh3 24. Ne4 Rc4 25. Bxa5 Rf8 26. b3 Rd4 27. Qe2
Rxd1+ 28. Rxd1 f5 29. Ng3 h5 30. Kh1 h4 31. Nf1 f4 32. c4 Rf5 33. Nd2 Rg5 34.
Rg1 Rxg1+ 35. Kxg1 Qf5 0-1

[Event "Gibtelecom Masters"]
[Site "Gibraltar"]
[Date "2009.01.28"]
[Round "2.23"]
[White "Gashimov, Vugar"]
[Black "Vea, Odin Blikra"]
[Result "1-0"]
[WhiteElo "2723"]
[BlackElo "2169"]
[PlyCount "79"]
[EventDate "2009.01.27"]

1. e4 c5 2. Nf3 Nc6 3. Bb5 Na5 4. O-O a6 5. Be2 b5 6. a4 b4 7. d4 cxd4 8. Nxd4
Bb7 9. c3 e6 10. Bf3 Nf6 11. Re1 Qc7 12. Bg5 Bc5 13. Nd2 bxc3 14. bxc3 O-O 15.
Bxf6 gxf6 16. Nf1 Kh8 17. Bh5 Nc4 18. Rb1 Ne5 19. Kh1 Ng6 20. Ng3 Rab8 21. Be2
Qe5 22. Bf1 Nf4 23. Qd2 Ba7 24. Rb4 Qd6 25. Qc1 Ba8 26. Rc4 Rbc8 27. Rd1 Rxc4
28. Bxc4 Qe5 29. Bxa6 Bxe4 30. Nxe4 Qxe4 31. f3 Qe5 32. Re1 Qb8 33. Bb5 Rg8 34.
g3 Nh5 35. Ne2 Qb7 36. Rf1 Qc7 37. Qh6 Qe5 38. Bd3 Rg7 39. g4 Qd6 40. Bb5 1-0

[Event "Gibtelecom Masters"]
[Site "Gibraltar"]
[Date "2009.01.28"]
[Round "2.24"]
[White "Lopez Martinez, Josep Manu"]
[Black "Perez Aleman, Pedro Tomas"]
[Result "1-0"]
[WhiteElo "2540"]
[BlackElo "2160"]
[PlyCount "81"]
[EventDate "2009.01.27"]

1. d4 Nf6 2. c4 g6 3. Nc3 Bg7 4. e4 d6 5. Nf3 O-O 6. h3 c5 7. d5 Na6 8. Bg5 Nc7
9. Qd2 a6 10. a4 b6 11. Bd3 Rb8 12. O-O Bd7 13. b3 Kh8 14. Rae1 Ng8 15. e5 Ne8
16. Bh4 Qc8 17. Bg3 Nh6 18. Ne4 Nf5 19. Bh2 b5 20. axb5 axb5 21. g4 Nh6 22.
exd6 exd6 23. Nxd6 Nxd6 24. Bxd6 Bxg4 25. hxg4 Qxg4+ 26. Bg3 Qxf3 27. Bxb8 Rxb8
28. Qe3 Qh5 29. Qf4 Rg8 30. Re3 Bd4 31. Be2 Bxe3 32. Qf6+ Rg7 33. Bxh5 gxh5+
34. Kh1 Bg5 35. Qc6 bxc4 36. f4 Rg6 37. fxg5 Rxc6 38. dxc6 Ng8 39. c7 Ne7 40.
Rxf7 Nc8 41. bxc4 1-0

[Event "Gibtelecom Masters"]
[Site "Gibraltar"]
[Date "2009.01.28"]
[Round "2.25"]
[White "Roiz, Michael"]
[Black "Byron, Alan M"]
[Result "1-0"]
[WhiteElo "2647"]
[BlackElo "2162"]
[PlyCount "81"]
[EventDate "2009.01.27"]

1. d4 d5 2. c4 c6 3. Nf3 e6 4. g3 Nf6 5. Bg2 a6 6. Qc2 Nbd7 7. Nbd2 b5 8. c5 a5
9. e4 Qc7 10. O-O Be7 11. Re1 Bb7 12. Ng5 h6 13. Ngf3 O-O-O 14. Nb3 g5 15. exd5
Nxd5 16. a4 b4 17. Nfd2 N7f6 18. Nc4 Rdg8 19. Nbxa5 h5 20. Nxb7 Kxb7 21. Ne5
Ng4 22. Bxd5 Nxe5 23. Bg2 Ng6 24. Qd3 h4 25. Qb5+ Ka7 26. Qxc6 Qxc6 27. Bxc6
hxg3 28. hxg3 Bf6 29. Be3 Nf4 30. Be4 Nd5 31. Bxd5 exd5 32. Kg2 Rb8 33. b3 Rbe8
34. Rac1 Re4 35. Red1 Be7 36. Bd2 Rb8 37. Re1 f5 38. Rxe4 fxe4 39. Rh1 Bf6 40.
Be3 g4 41. Rh6 1-0

[Event "Gibtelecom Masters"]
[Site "Gibraltar"]
[Date "2009.01.28"]
[Round "2.27"]
[White "Del Rio De Angelis, Salvad"]
[Black "Obers, Frits"]
[Result "1/2-1/2"]
[WhiteElo "2532"]
[BlackElo "2107"]
[PlyCount "97"]
[EventDate "2009.01.27"]

1. d4 Nf6 2. c4 e6 3. Nc3 Bb4 4. e3 O-O 5. Nge2 d5 6. cxd5 exd5 7. g3 Re8 8.
Bg2 c6 9. O-O a5 10. f3 Nbd7 11. e4 h6 12. e5 Nh7 13. f4 Ndf8 14. f5 Be7 15.
Qd3 b5 16. Nf4 b4 17. Nce2 Ng5 18. h4 Ba6 19. Qc2 Ne4 20. Bxe4 dxe4 21. Qxe4 c5
22. d5 Bd6 23. e6 Bxf4 24. Bxf4 Bxe2 25. Qxe2 Qxd5 26. e7 Nh7 27. g4 Qd4+ 28.
Kg2 Qf6 29. Rfe1 Qxh4 30. Bg3 Qf6 31. Rad1 Qc6+ 32. Kf2 c4 33. Rd6 Qc5+ 34. Qe3
Qxe3+ 35. Rxe3 Nf6 36. Kf3 Ra7 37. Bh4 Raxe7 38. Rxe7 Rxe7 39. Bxf6 gxf6 40.
Rc6 Re1 41. Rxc4 Ra1 42. a3 bxa3 43. bxa3 Rxa3+ 44. Kf4 Rb3 45. Rc6 Kg7 46. Ra6
Rb4+ 47. Kf3 a4 48. Kg3 Rb3+ 49. Kf4 1/2-1/2

[Event "Gibtelecom Masters"]
[Site "Gibraltar"]
[Date "2009.01.28"]
[Round "2.28"]
[White "Vinas Guerrero, Carlos A"]
[Black "Szabo, Krisztian"]
[Result "0-1"]
[WhiteElo "2104"]
[BlackElo "2508"]
[PlyCount "78"]
[EventDate "2009.01.27"]

1. e4 c5 2. Nf3 d6 3. Nc3 Nf6 4. d4 cxd4 5. Qxd4 Nc6 6. Bb5 Bd7 7. Bxc6 Bxc6 8.
Bg5 e6 9. O-O-O Be7 10. h4 O-O 11. Qd3 Qa5 12. Nd4 Rfd8 13. Kb1 Rac8 14. f4 Bd7
15. g4 Qc5 16. Nb3 Qb6 17. f5 a5 18. Nd4 a4 19. Rhg1 a3 20. b3 Qc5 21. Bd2 d5
22. e5 Ne4 23. Nxe4 dxe4 24. Qxe4 Be8 25. Bc1 Rd5 26. Rge1 Rcd8 27. c3 Qxc3 28.
Ne2 Qxe5 29. Qxe5 Rxe5 30. Nf4 Rxe1 31. Rxe1 Bxh4 32. Rh1 Be7 33. Re1 Rc8 34.
Nd5 Bc5 35. b4 Bf8 36. fxe6 fxe6 37. Rxe6 Bf7 38. Re5 Bg6+ 39. Rf5 Rd8 0-1

[Event "Gibtelecom Masters"]
[Site "Gibraltar"]
[Date "2009.01.28"]
[Round "2.29"]
[White "Ercan, Mehmet Fahri"]
[Black "Cmilyte, Viktorija"]
[Result "0-1"]
[WhiteElo "2091"]
[BlackElo "2497"]
[PlyCount "84"]
[EventDate "2009.01.27"]

1. d4 f5 2. e4 fxe4 3. Nc3 Nf6 4. Bg5 c6 5. Bxf6 exf6 6. Nxe4 d5 7. Ng3 Qe7+ 8.
Qe2 Bg4 9. f3 Qxe2+ 10. Bxe2 Be6 11. Bd3 Kf7 12. N1e2 Bd6 13. c3 Nd7 14. Kf2 g6
15. Rhe1 h5 16. Rad1 h4 17. Nf1 b6 18. Nc1 Rae8 19. Re2 Re7 20. Rde1 f5 21. Bc2
c5 22. a3 c4 23. Kg1 Nf6 24. g3 b5 25. Kg2 a5 26. Nd2 g5 27. Rf2 Rb8 28. Nf1
Nh5 29. Ne2 Bd7 30. Ra1 Rbe8 31. Ng1 Kf6 32. Rd1 Re1 33. Rxe1 Rxe1 34. Re2 Rc1
35. Rd2 hxg3 36. hxg3 Bxg3 37. Nxg3 Nxg3 38. Nh3 Nf1 39. Re2 f4 40. Bh7 Ne3+
41. Kh2 Bxh3 42. Kxh3 Kg7 0-1

[Event "Gibtelecom Masters"]
[Site "Gibraltar"]
[Date "2009.01.28"]
[Round "2.31"]
[White "Fryer, David W"]
[Black "Karim, Ismael"]
[Result "0-1"]
[WhiteElo "2080"]
[BlackElo "2407"]
[PlyCount "120"]
[EventDate "2009.01.27"]

1. e4 e5 2. Bc4 Nf6 3. d3 Nc6 4. Nc3 Na5 5. Qf3 c6 6. a3 Nxc4 7. dxc4 d6 8. Bg5
Be7 9. h3 Be6 10. b3 h6 11. Bxf6 Bxf6 12. Nge2 a6 13. a4 a5 14. Rd1 Qe7 15. O-O
O-O 16. Ng3 g6 17. Rd3 Bg7 18. Qd1 Rad8 19. Qd2 Rd7 20. Rd1 Rfd8 21. Nce2 b6
22. Qe3 Rb8 23. Qd2 Bf8 24. f4 exf4 25. Nxf4 Bg7 26. Nxe6 Qxe6 27. Rxd6 Rxd6
28. Qxd6 Qxd6 29. Rxd6 Be5 30. Rd3 Kf8 31. Kf2 Ke7 32. Ne2 Rc8 33. Kf3 h5 34.
Rd1 Rg8 35. Nf4 Rh8 36. Nd3 Bc7 37. c5 b5 38. axb5 cxb5 39. e5 Ra8 40. Ke4 a4
41. Nb4 Ke6 42. Nc6 Bxe5 43. Nxe5 f5+ 44. Kf4 g5+ 45. Kxg5 Kxe5 46. bxa4 Rg8+
47. Kh4 bxa4 48. c6 Rxg2 49. c4 Rg8 50. Ra1 f4 51. Rxa4 f3 52. Ra3 Kf4 53. c7
f2 54. Ra1 Rc8 55. c5 Rxc7 56. Ra4+ Kf3 57. Ra3+ Kg2 58. Rg3+ Kf1 59. Ra3 Rxc5
60. Kg3 Kg1 0-1

[Event "Gibtelecom Masters"]
[Site "Gibraltar"]
[Date "2009.01.28"]
[Round "2.32"]
[White "Houska, Jovanka"]
[Black "Dimitrijevic, Dragan"]
[Result "1-0"]
[WhiteElo "2392"]
[BlackElo "2069"]
[PlyCount "85"]
[EventDate "2009.01.27"]

1. d4 Nf6 2. Nf3 g6 3. c4 Bg7 4. g3 O-O 5. Bg2 c5 6. O-O Nc6 7. Nc3 d6 8. dxc5
dxc5 9. Be3 Qa5 10. Qa4 Ng4 11. Qxa5 Nxa5 12. Bxc5 Nxc4 13. Nd5 Be6 14. Nc7
Bxb2 15. Rad1 Rac8 16. Nxe6 fxe6 17. Bxe7 Rf7 18. Bh4 Re8 19. Bh3 h5 20. Ng5
Rc7 21. Ne4 b5 22. Bd8 Rc8 23. Bg5 Bg7 24. Rd7 a5 25. Bxg4 hxg4 26. Bf6 Bf8 27.
f3 b4 28. fxg4 Nb6 29. Rb7 Nd5 30. Bg5 Rb8 31. Rd7 a4 32. Bf4 b3 33. axb3 axb3
34. Be5 b2 35. Rb1 Rb4 36. Ng5 Bh6 37. Nf7 Be3+ 38. Kh1 Ne7 39. Nd6 Ra8 40.
Rxb2 Ra1+ 41. Kg2 Nc6 42. Rxb4 Rg1+ 43. Kh3 1-0

[Event "Gibtelecom Masters"]
[Site "Gibraltar"]
[Date "2009.01.28"]
[Round "2.33"]
[White "Lumsdon, Andrew"]
[Black "Nithander, Victor"]
[Result "0-1"]
[WhiteElo "2051"]
[BlackElo "2369"]
[PlyCount "44"]
[EventDate "2009.01.27"]

1. d4 Nf6 2. Nf3 g6 3. e3 Bg7 4. b4 O-O 5. Bb2 d6 6. Nbd2 Nbd7 7. c4 a5 8. a3
Re8 9. Be2 e5 10. dxe5 dxe5 11. O-O b6 12. Qc2 Bb7 13. c5 bxc5 14. bxc5 Bc6 15.
a4 Nd5 16. Bb5 Nb4 17. Qc3 Qe7 18. Rfc1 Rab8 19. Nb3 Bxb5 20. axb5 Rxb5 21.
Rxa5 Rxa5 22. Nxa5 Na2 0-1

[Event "Gibtelecom Masters"]
[Site "Gibraltar"]
[Date "2009.01.28"]
[Round "2.34"]
[White "Madland, Kristoffer"]
[Black "Vernay, Clovis"]
[Result "0-1"]
[WhiteElo "1992"]
[BlackElo "2338"]
[PlyCount "94"]
[EventDate "2009.01.27"]

1. e4 e6 2. d4 d5 3. Nc3 Bb4 4. e5 b6 5. a3 Bf8 6. f4 Ne7 7. Bd3 Ba6 8. Nf3
Bxd3 9. Qxd3 Nf5 10. O-O c5 11. Be3 Nc6 12. Ne2 Rc8 13. Kh1 Be7 14. Rg1 h5 15.
Rac1 Na5 16. Bf2 Nc4 17. Nd2 Nxd2 18. Qxd2 h4 19. Rgd1 c4 20. h3 g5 21. Be3 Rg8
22. fxg5 Bxg5 23. Bxg5 Qxg5 24. Qxg5 Rxg5 25. Rf1 Ke7 26. Rf3 Rcg8 27. Rg1 b5
28. c3 a5 29. Nf4 Rb8 30. Ra1 b4 31. axb4 axb4 32. Ra7+ Ke8 33. Kh2 bxc3 34.
bxc3 Rb1 35. Ra8+ Ke7 36. Ne2 Rb7 37. Rf1 Ng3 38. Nxg3 Rxg3 39. Rh8 Rb2 40. Rg1
Rxc3 41. Rxh4 Rcc2 42. Rg4 c3 43. Rg3 Rb7 44. Rf1 Rc7 45. Rff3 Rc1 46. Rd3 Rc4
47. h4 c2 0-1

[Event "Gibtelecom Masters"]
[Site "Gibraltar"]
[Date "2009.01.28"]
[Round "2.36"]
[White "Flores Chico, Jorge"]
[Black "Cramling, Pia"]
[Result "0-1"]
[WhiteElo "2121"]
[BlackElo "2548"]
[PlyCount "78"]
[EventDate "2009.01.27"]

1. e4 c5 2. Nf3 e6 3. d4 cxd4 4. Nxd4 a6 5. Bd3 Bc5 6. Nb3 Be7 7. Be3 d6 8. a4
b6 9. N1d2 Nd7 10. Qg4 g6 11. f4 Bb7 12. O-O Ngf6 13. Qe2 h5 14. Bd4 e5 15. Bc3
Qc7 16. Nc4 Rc8 17. Ncd2 Nc5 18. Rf3 Nxd3 19. cxd3 Nd7 20. Raf1 Rh7 21. Qf2 Bf8
22. Nc4 Bc6 23. fxe5 Nxe5 24. Nxe5 dxe5 25. Kh1 Bxa4 26. Nd2 Bb5 27. Bxe5 Qxe5
28. Rxf7 Bd6 29. g3 Rxf7 30. Qxf7+ Kd8 31. Nf3 Qe7 32. Qb3 Bc5 33. Nh4 Qd6 34.
Qg8+ Be8 35. Qb3 Kc7 36. Kg2 Kb8 37. h3 Bb5 38. Rf3 Qd4 39. Qd1 Qxb2+ 0-1

[Event "Gibtelecom Masters"]
[Site "Gibraltar"]
[Date "2009.01.28"]
[Round "2.38"]
[White "Nezad, Husein Aziz"]
[Black "Collier, David O"]
[Result "0-1"]
[WhiteElo "2403"]
[BlackElo "2083"]
[PlyCount "144"]
[EventDate "2009.01.27"]

1. e4 c6 2. d4 d5 3. Nd2 dxe4 4. Nxe4 Bf5 5. Ng3 Bg6 6. Nf3 Nd7 7. h4 h6 8. h5
Bh7 9. Bd3 Bxd3 10. Qxd3 e6 11. Bd2 Ngf6 12. O-O-O Be7 13. Ne4 Nxe4 14. Qxe4
Nf6 15. Qe2 Qd5 16. Kb1 O-O 17. Ne5 Qe4 18. Qxe4 Nxe4 19. Be1 Rfd8 20. f3 Nf6
21. Bf2 Nd7 22. Nd3 Bd6 23. g4 a6 24. Rhe1 Re8 25. c3 Rad8 26. Kc2 f6 27. c4
Kf7 28. a4 Bb8 29. f4 Rg8 30. g5 hxg5 31. fxg5 Rh8 32. g6+ Ke7 33. d5 cxd5 34.
cxd5 e5 35. Nf4 Bd6 36. Kb1 Bb4 37. Re4 Bc5 38. Bh4 Kd6 39. Ne6 Rdg8 40. Rc4
Rxh5 41. Be1 Rh6 42. Nxc5 Nxc5 43. Bb4 Rc8 44. Rdc1 Kxd5 45. Rxc5+ Rxc5 46.
Rxc5+ Ke4 47. Rc7 Rxg6 48. Rxb7 f5 49. a5 f4 50. Rb6 Rg2 51. Rxa6 f3 52. Bc5 f2
53. Bxf2 Rxf2 54. Rb6 Kd5 55. b4 Kc4 56. a6 Rf1+ 57. Kb2 Rf2+ 58. Ka3 Rf1 59.
Kb2 Rf2+ 60. Kc1 Ra2 61. b5 e4 62. Rb7 e3 63. Kd1 e2+ 64. Ke1 Kd3 65. Rd7+ Ke3
66. Re7+ Kf3 67. Rf7+ Ke3 68. Re7+ Kf3 69. a7 Ra1+ 70. Kd2 Ra2+ 71. Kc3 Rxa7
72. Re8 Ra1 0-1

[Event "Gibtelecom Masters"]
[Site "Gibraltar"]
[Date "2009.01.28"]
[Round "2.39"]
[White "Kharous, Ernest"]
[Black "Compton, Alistair"]
[Result "1-0"]
[WhiteElo "2400"]
[BlackElo "2079"]
[PlyCount "77"]
[EventDate "2009.01.27"]

1. g3 d5 2. Bg2 Nf6 3. f4 c6 4. Nf3 Bg4 5. b3 Nbd7 6. Bb2 e6 7. O-O Bc5+ 8. d4
Bd6 9. Ne5 Bf5 10. e3 O-O 11. Nd2 h6 12. Rc1 Rc8 13. c4 Bb4 14. a3 Bxd2 15.
Qxd2 Ne4 16. Qe2 Nxe5 17. dxe5 Nc5 18. Rcd1 Nxb3 19. g4 Bh7 20. f5 Qg5 21. Rf4
Na5 22. cxd5 cxd5 23. Rdf1 Rfd8 24. Qe1 Nc4 25. Bc3 Qe7 26. Bb4 Qc7 27. Qf2 a5
28. fxe6 axb4 29. Rxf7 Qxe5 30. e7 Qxe3 31. exd8=Q+ Rxd8 32. Bxd5 Bd3 33. Rf8+
Kh7 34. Qxe3 Nxe3 35. Rxd8 Bxf1 36. Bg8+ Kg6 37. Kf2 Nxg4+ 38. Kxf1 bxa3 39.
Kg1 1-0